Beyond the risk paradigm in child protection (Record no. 18924)
[ view plain ]
| 000 -LEADER | |
|---|---|
| fixed length control field | 00628nam a2200229 a 4500 |
| 001 - CONTROL NUMBER | |
| control field | 156526 |
| 003 - CONTROL NUMBER IDENTIFIER | |
| control field | OSt |
| 005 - DATE AND TIME OF LATEST TRANSACTION | |
| control field | 20211005174359.0 |
| 008 - FIXED-LENGTH DATA ELEMENTS--GENERAL INFORMATION | |
| fixed length control field | 190104 ### HIN |
| 020 ## - INTERNATIONAL STANDARD BOOK NUMBER | |
| International Standard Book Number | 9781137441294 |
| 082 ## - DEWEY DECIMAL CLASSIFICATION NUMBER | |
| Classification number | 362.7 |
| Item number | B46B |
| 245 ## - TITLE STATEMENT | |
| Title | Beyond the risk paradigm in child protection |
| Statement of responsibility, etc | edited by Marie Connolly |
| 260 ## - PUBLICATION, DISTRIBUTION, ETC. (IMPRINT) | |
| Place of publication, distribution, etc | London |
| Name of publisher, distributor, etc | Palgrave |
| Date of publication, distribution, etc | 2017 |
| 300 ## - PHYSICAL DESCRIPTION | |
| Extent | xv, 225p. |
| 490 ## - SERIES STATEMENT | |
| Series statement | Beyond the risk paradigm |
| 653 ## - INDEX TERM--UNCONTROLLED | |
| Uncontrolled term | Child abuse--Prevention |
| 653 ## - INDEX TERM--UNCONTROLLED | |
| Uncontrolled term | Child welfare |
| 653 ## - INDEX TERM--UNCONTROLLED | |
| Uncontrolled term | Children--Services for |
| 653 ## - INDEX TERM--UNCONTROLLED | |
| Uncontrolled term | Social service |
| 700 ## - ADDED ENTRY--PERSONAL NAME | |
| Personal name | Connolly, Marie |
| Relator term | Editor |
| 942 ## - ADDED ENTRY ELEMENTS (KOHA) | |
| Source of classification or shelving scheme | Dewey Decimal Classification |
| Koha item type | Books |
| Withdrawn status | Lost status | Source of classification or shelving scheme | Damaged status | Not for loan | Collection code | Home library | Current library | Date acquired | Source of acquisition | Full call number | Barcode | Date last seen | Price effective from | Koha item type |
|---|---|---|---|---|---|---|---|---|---|---|---|---|---|---|
| Dewey Decimal Classification | General Text Book | Central University Of Rajasthan | Central University Of Rajasthan | 04/01/2019 | SCW | 362.7 B46B | 31497 | 02/09/2020 | 02/09/2020 | Books |
